000 00534nam a2200157 4500
999 _c16952
_d16952
008 220524b ||||| |||| 00| 0 eng d
022 _a0117-3308
082 _aDPer 004.1105 C73 Sept 2010 - April 2011 v. 20 n. 3-9
100 _aShah, Agam.
_945198
245 _aCES:
_bLenovo shows its first tablet, the LePad/
_cAgam Shah.
260 _aPhilippines:
_bSchneider Electric,
_c©2010-2011.
300 _av20 n7, page 6:
_bcolor illustrations;
_c27 cm.
500 _aComputer world.
650 _aTechnology.
_945199
942 _2ddc
_cPER